| 000 | 00497nam a2200169 i 4500 | ||
|---|---|---|---|
| 001 | 57239 | ||
| 003 | ES-MaACL | ||
| 005 | 20230906163535.0 | ||
| 007 | t| | ||
| 008 | 031015s1923 sp |||| | spa d | ||
| 100 | 1 |
_aDoporto Marchori, Luis. _945366 |
|
| 245 | 1 | 0 |
_aEnsayo de geografía regional de España / _cpor Luis Doporto Marchori. |
| 260 |
_aMadrid : _bGómez Fuentenebro, _c1923. |
||
| 300 |
_aVIII, 254 p. ; _c22 cm. |
||
| 651 | 4 |
_aEspaña- _xGeografía. _98200 |
|
| 852 |
_aES-MaACL _jB-970 |
||
| 999 |
_c57239 _d57239 |
||